Juan de Valdés Leal y el arte sevillano del barroco (Record no. 1007)

MARC details
000 -CABECERA
campo de control de longitud fija 01077nam a2200253 a 4500
001 - NÚMERO DE CONTROL
campo de control BRCA_1129
005 - FECHA Y HORA DE LA ÚLTIMA TRANSACCIÓN
campo de control 20190320203307.0
008 - DATOS DE LONGITUD FIJA--INFORMACIÓN GENERAL
campo de control de longitud fija 931112s1993 mx-a---##b---#000-0#spa-#
020 ## - NÚMERO INTERNACIONAL ESTÁNDAR DEL LIBRO
Número Internacional Estándar del Libro 9686191437
040 ## - FUENTE DE LA CATALOGACIÓN
Centro catalogador/agencia de origen DLC
Centro/agencia transcriptor DLC
050 #4 - SIGNATURA TOPOGRÁFICA DE LA BIBLIOTECA DEL CONGRESO
Número de clasificación ND813
Número de documento/Ítem .V35 1993
100 1# - ENTRADA PRINCIPAL--NOMBRE DE PERSONA
Nombre de persona Valdés Leal, Juan de
Fechas asociadas al nombre 1622-1690
9 (RLIN) 3720
245 10 - MENCIÓN DE TÍTULO
Título Juan de Valdés Leal y el arte sevillano del barroco
Mención de responsabilidad, etc. coordinación, investigación, revisión, edición y cuidado de la publicación, Lucía García-Noriega y Nieto ... [et al.].
260 ## - PUBLICACIÓN, DISTRIBUCIÓN, ETC.
Lugar de publicación, distribución, etc. México
Nombre del editor, distribuidor, etc. Centro Cultural Arte Contemporáneo
Fecha de publicación, distribución, etc. 1993
300 ## - DESCRIPCIÓN FÍSICA
Extensión 340 p.
Otras características físicas il. (algunas a color)
Dimensiones 29 cm.
500 ## - NOTA GENERAL
Nota general Catálogo de la exposición realizada del 5 agosto - 5 diciembre, 1993.
504 ## - NOTA DE BIBLIOGRAFÍA, ETC.
Nota de bibliografía, etc. Bibliografía: p. 327-333
600 14 - PUNTO DE ACCESO ADICIONAL DE MATERIA--NOMBRE DE PERSONA
Nombre de persona Valdés Leal, Juan de
Fechas asociadas al nombre 1622-1690
Subdivisión de forma Exposiciones
9 (RLIN) 3721
650 14 - PUNTO DE ACCESO ADICIONAL DE MATERIA--TÉRMINO DE MATERIA
Término de materia o nombre geográfico como elemento de entrada Arte barroco
Subdivisión de forma Exposiciones
Subdivisión geográfica España
9 (RLIN) 3722
650 14 - PUNTO DE ACCESO ADICIONAL DE MATERIA--TÉRMINO DE MATERIA
Término de materia o nombre geográfico como elemento de entrada Arte español
Subdivisión de forma Exposiciones
Subdivisión geográfica España
9 (RLIN) 3723
700 1# - PUNTO DE ACCESO ADICIONAL--NOMBRE DE PERSONA
Nombre de persona García-Norgiega y Nieto, Lucía
9 (RLIN) 3724
710 2# - PUNTO DE ACCESO ADICIONAL--NOMBRE DE ENTIDAD CORPORATIVA
Nombre de entidad corporativa o nombre de jurisdicción como elemento de entrada Centro Cultural/Arte Contemporáneo (México)
9 (RLIN) 3725
942 ## - ELEMENTOS DE PUNTO DE ACCESO ADICIONAL (KOHA)
Fuente del sistema de clasificación o colocación Library of Congress Classification
Tipo de ítem Koha Libros
Holdings
Estado de retiro Estado de pérdida Estado dañado No para préstamo Localización permanente Ubicación/localización actual Fecha de adquisición Total de préstamos Signatura topográfica completa Código de barras Fecha visto por última vez Precio válido a partir de Tipo de ítem Koha
El ejemplar forma parte de la colección y puede ser consultado según las políticas vigentes.       Biblioteca del Museo Franz Mayer (Rogerio Casas-Alatriste) Biblioteca del Museo Franz Mayer (Rogerio Casas-Alatriste) 26/06/2008   ND813 .V35 1993 01653 22/03/2019 22/03/2019 Libros